Chaussures Signature en NBA - Statistiques

Statistiques générales
  • Ce quiz a été pris 30 fois
  • Le résultat moyen est 8 sur 16
Statistiques - réponses
Par images Hint Réponse % Correct
Adidas Anthony Edwards
80%
Nike Ja Morant
80%
Nike Kevin Durant
80%
Puma Lamelo Ball
76%
Nike LeBron James
72%
Adidas James Harden
64%
Nike Devin Booker
60%
Anta Kyrie Irving
56%
Reebok Shaquille O'Neal
48%
Rigorer Austin Reaves
44%
Adidas Donovan Mitchell
44%
Puma Scoot Henderson
36%
Adidas Derrick Rose
28%
Reebok Allen Iverson
24%
Nike Paul George
24%
Li-Ning Dwyane Wade
16%
Aucun quiz correspondant
Distribution des résultats
% des personnes avec chaque résultat
Percentile par nombre de réponses
Votre historique - résultats
Vous n’avez pas pris ce quiz